000 00760nam a22002657a 4500
003 CHAP
005 20220329135241.0
008 971013s1919 r 00010 d
010 _a33283
011 _a34255
035 _a38371
040 _cCHAP
082 _a631.6
_bE55
100 0 0 _aElliott, Charles Gleason.
_936369
245 _aEngineering for land drainage; a manual for the reclamatrion of lands injured by water
250 _a3 ed.
260 _aNew York :
_bWiley,
_c1919
300 _a363 p.
_b: ilus.
590 _aBATCH-UPD
_b10
_c20130110
_lUCH01
_h1422
590 _aCONVERSION
_b10
_c20130109
_lUCH01
_h1319
650 1 4 _aDrenaje.
_934190
901 _aBK
942 _cLIBRO
949 _a631.6 E55
_bBC
_cBPP
_d-87763
_eBPP
_h21778
_i38371
_si
999 _c33283
_d33283